000 00828cab a2200241 4500
001 WB3242-13
008 090401t1996 xxu||||| |||| 00| 0 eng d
035 _a(Sirsi) u44576
041 _aeng
245 _aNew RICS business property handbook
260 _c1996
350 _a0
490 _aRICS Press Release
_vPR138/96COMM 5 November 1996, (2)
520 _aThe RICS has published a new property guide "The business property handbook" aimed at steering the business occupier through the range of issues surrounding commercial property, and when to seek professional advice.
650 _aBUSINESS PROPERTY HANDBOOK
650 _aBUSINESS PROPERTY
650 _aCORPORATE PROPERTY
650 _aRICS
650 _aSMALL BUSINESS
690 _aPROPERTY-COMMERCIAL PROPERTY
942 _n0
948 _c04/03/1997
999 _c28328
_d28328